000 00647nam a2200205 i 4500
001 133693
003 ES-MaACL
005 20230906194514.0
007 t|
008 070824s1997 fr ||||1| fre d
020 _a2-7427-1074-4
080 _a821.112.2-293.1"18"
100 1 _aChristiné, Henri.
_938664
245 1 0 _aDedé d'Henri Christiné
_b: Opérette en trois actes /
_clivret d'Albert Willemetz.
260 _aMarseille :
_bOpéra de Marseille,
_c[1997]
300 _a103 p. :
_bil. ;
_c21 cm.
500 _aBiblioteca Jacinto Martínez Lacalle.
700 1 _aWillemetz, Albert.
_9116888
852 _aES-MaACL
_jE-12028
_bR.139957
999 _c133693
_d133693